000 00379nam a2200145 a 4500
008 951030s1991||||[C 0 fre c
040 _aSNK
_bslo
_cSNK
_eAACR2
041 1 _afre
_hfre
044 _axo
_cSK
080 _a804.0(075.4)
245 1 0 _aFrancúzština pre samoukov
260 _aBratislava
_bARTPROGRES
_c1991
_eTrnava
_fPolygrafické závody
020 _c38
958 _aA
999 _c17745
_d17745